| 000 | 00755nam a22001937a 4500 | ||
|---|---|---|---|
| 003 | BD-DhUL | ||
| 005 | 20170516153327.0 | ||
| 008 | 160925s2001 ii a|||| |||| 000 0 ben | ||
| 020 | _a818500006 | ||
| 040 |
_aBD-DhUL _cBD-DhUL |
||
| 082 |
_a398.3 _bSAS |
||
| 100 | 1 | _aসাহু, ভবানীপ্রসাদ । | |
| 245 | 1 | 0 |
_aসংস্কার-কুসংস্কার / _cভবানীপ্রসাদ সাহু । |
| 260 |
_aকোলকাতা : _bদীপ, _c২০০১ । |
||
| 300 |
_a৯৬ পৃ. ; _c২২ সেমি । |
||
| 504 | _aগ্রন্থপঞ্জিগত তথ্য ও নির্ঘন্ট সংবলিত | ||
| 650 | 0 | _aলোক সাহিত্য । | |
| 942 |
_2ddc _cBK |
||
| 999 |
_c197763 _d197763 |
||